000 00880cam a2200301 a 4500
001 156162
003 ARRUPE
005 20130918113058.0
008 830425s1983 enkb 000 0 eng c
010 _a 83672083//r83
020 _a0713913576
035 _a(OCoLC)9499550
035 _a(OCoLC)ocm09499550
035 _a(CStRLIN)NYCG83-B30869
035 _a(NNC)156162
040 _aMH
_cMH
_dCStRLIN
_dNNC
043 _af-rh---
050 1 _aDT962.75
_b.C387 1983
090 _aDT962.75
_b.C38 1983
100 1 _aCaute, David.
_9453
245 1 0 _aUnder the skin :
_bthe death of white Rhodesia /
_cDavid Caute.
260 _aLondon :
_bAllen Lane,
_c1983.
300 _a448p.;
_c25 cm.
651 0 _aZimbabwe
_xPolitics and government
_y1965-1979.
_9454
651 0 _aZimbabwe
_xPolitics and government
_y1979-1980.
_9455
942 _2lcc
_cMONOGRAPH
999 _c117854
_d117854